| 000 | 00968nam0a2200313 i 4500 | ||
|---|---|---|---|
| 001 | RU\NLR\bibl\2075609 | ||
| 005 | 20240723112612.0 | ||
| 010 |
_a9785991024372 _910000 |
||
| 021 |
_aRU _b2013-66963 _94585 |
||
| 035 | _a(nilc)RuMoRGB-006635710 | ||
| 035 | _a(NLR Aleph) 002061476 | ||
| 090 |
_a4685876 _c4685876 |
||
| 100 | _a20130822d2013 u y0rusy50 ca | ||
| 101 | 0 | _arus | |
| 102 |
_aRU _aUA |
||
| 105 | _ay zzzz||||| | ||
| 200 | 1 |
_aНе упыри _eроман _fСветлана Талан |
|
| 210 |
_aБелгород _aХарьков _cКлуб семейного досуга _d2013 |
||
| 215 |
_a334 с. _cил. _d21 |
||
| 333 | _a12 + | ||
| 686 | _aШ6(2=Ук)77-440.4{Лх-у418} | ||
| 700 | 1 |
_aТалан _bС. _gСветлана _4070 |
|
| 801 | 0 |
_aRU _bRuMoRKP _c20130822 _gRCR |
|
| 801 | 2 |
_aRU _bРГБ _c20130906 _grcr |
|
| 801 | 1 |
_aRU _bRuMoRKP _c20130822 _2rusmarc |
|
| 801 | 2 |
_aRU _bNLR _c20130926 _grcr |
|
| 942 | _cBOOK | ||
| 980 | _aNBR | ||